000 00761nam a22001815i 4500
001 158461
003 ES-MaACL
005 20250915063058.0
008 031216s1890 sp |||| | spa d
040 _aCAM
_bspa
_cCAM
100 1 _aSancha, Ciriaco-María,
_d1833-1909
_9132386
245 1 4 _aLos seminaristas y el servicio militar
_b: discurso /
_cleído por el Obispo de Madrid-Alcalá en la sesión celebrada el 9 de octubre de 1890 en el Congreso Católico de Zaragoza.
260 _aMadrid :
_b[s.n.],
_c1890 (
_fTipografía de los Huérfanos)
300 _a29 p. ;
_c23 cm.
650 0 4 _aSacerdotes.
_916959
852 _aES-MaACL
_jT-504-F-6
_z-- Enc. hol. conservando la cub. original
_z-- Enc. en un vol. facticio
999 _c158461
_d158461